[Event "ODJM B 2025"]
[Site "Willingen GER"]
[Date "2025.06.11"]
[Round "5"]
[White "Huber, Ben"]
[Black "Müller, Cosima"]
[Result "1/2-1/2"]
[Termination "normal"]
[Board "22"]
[WhiteElo "1711"]
[BlackElo "1757"]
[WhiteClock "01:16:51"]
[BlackClock "00:34:09"]
[PlyCount "79"]
[WhiteFideId "34677062"]
[BlackFideId "34601490"]
[EventCountry "GER"]
[EventRounds "9"]
[EventType "swiss"]
[EventDate "2025.06.07"]

1. e4 {[%clk 01:30:57]} {[%emt 00:00:03]} c5 {[%clk 01:30:57]} {[%emt
00:00:03]} 2. c3 {[%clk 01:31:23]} {[%emt 00:00:04]} Nc6 {[%clk 01:31:23]}
{[%emt 00:00:04]} 3. d4 {[%clk 01:31:47]} {[%emt 00:00:06]} d5 {[%clk
01:31:47]} {[%emt 00:00:05]} 4. exd5 {[%clk 01:31:41]} {[%emt 00:00:37]} Qxd5
{[%clk 01:32:11]} {[%emt 00:00:06]} 5. Nf3 {[%clk 01:32:07]} {[%emt 00:00:05]}
Bg4 {[%clk 01:32:34]} {[%emt 00:00:06]} 6. Be2 {[%clk 01:31:07]} {[%emt
00:01:30]} cxd4 {[%clk 01:32:59]} {[%emt 00:00:05]} 7. cxd4 {[%clk 01:30:52]}
{[%emt 00:00:45]} e6 {[%clk 01:33:15]} {[%emt 00:00:13]} 8. Nc3 {[%clk
01:31:14]} {[%emt 00:00:08]} Bb4 {[%clk 01:33:40]} {[%emt 00:00:06]} 9. O-O
{[%clk 01:31:38]} {[%emt 00:00:05]} Qa5 {[%clk 01:34:02]} {[%emt 00:00:09]} 10.
Bd2 {[%clk 01:31:46]} {[%emt 00:00:22]} Nf6 {[%clk 01:33:50]} {[%emt 00:00:41]}
11. a3 {[%clk 01:32:09]} {[%emt 00:00:08]} Bxc3 {[%clk 01:34:16]} {[%emt
00:00:04]} 12. bxc3 {[%clk 01:32:26]} {[%emt 00:00:13]} Ne4 {[%clk 01:34:32]}
{[%emt 00:00:14]} 13. Qc2 {[%clk 01:31:52]} {[%emt 00:01:03]} Nxd2 {[%clk
01:34:49]} {[%emt 00:00:13]} 14. Qxd2 {[%clk 01:32:14]} {[%emt 00:00:09]} O-O
{[%clk 01:34:28]} {[%emt 00:00:52]} 15. Rfc1 {[%clk 01:31:52]} {[%emt
00:00:52]} Rfd8 {[%clk 01:31:56]} {[%emt 00:03:00]} 16. Qf4 {[%clk 01:30:37]}
{[%emt 00:01:45]} Bh5 {[%clk 01:27:22]} {[%emt 00:05:04]} 17. Bd3 {[%clk
01:29:57]} {[%emt 00:01:11]} Ne7 {[%clk 01:19:00]} {[%emt 00:08:51]} 18. Rab1
{[%clk 01:29:04]} {[%emt 00:01:23]} Qxa3 {[%clk 01:09:52]} {[%emt 00:09:38]}
19. Rxb7 {[%clk 01:26:28]} {[%emt 00:03:07]} Nd5 {[%clk 01:09:01]} {[%emt
00:01:20]} 20. Qd2 {[%clk 01:24:28]} {[%emt 00:02:31]} Bxf3 {[%clk 01:07:19]}
{[%emt 00:02:11]} 21. gxf3 {[%clk 01:24:53]} {[%emt 00:00:05]} Rac8 {[%clk
01:06:38]} {[%emt 00:01:12]} 22. c4 {[%clk 01:21:30]} {[%emt 00:03:53]} Nf6
{[%clk 01:02:16]} {[%emt 00:04:52]} 23. Be4 {[%clk 01:21:06]} {[%emt 00:00:53]}
Rxd4 {[%clk 00:56:20]} {[%emt 00:06:26]} 24. Qxd4 {[%clk 01:20:48]} {[%emt
00:00:48]} Qxc1+ {[%clk 00:56:43]} {[%emt 00:00:08]} 25. Kg2 {[%clk 01:21:15]}
{[%emt 00:00:03]} Qg5+ {[%clk 00:56:42]} {[%emt 00:00:31]} 26. Kf1 {[%clk
01:21:17]} {[%emt 00:00:27]} Nxe4 {[%clk 00:49:02]} {[%emt 00:08:10]} 27. fxe4
{[%clk 01:21:21]} {[%emt 00:00:27]} h6 {[%clk 00:45:15]} {[%emt 00:04:17]} 28.
Rxa7 {[%clk 01:20:47]} {[%emt 00:01:04]} Qc1+ {[%clk 00:45:19]} {[%emt
00:00:26]} 29. Kg2 {[%clk 01:21:01]} {[%emt 00:00:15]} Qxc4 {[%clk 00:45:13]}
{[%emt 00:00:36]} 30. Qxc4 {[%clk 01:21:05]} {[%emt 00:00:27]} Rxc4 {[%clk
00:45:39]} {[%emt 00:00:04]} 31. f3 {[%clk 01:21:23]} {[%emt 00:00:12]} g6
{[%clk 00:44:37]} {[%emt 00:01:32]} 32. Kg3 {[%clk 01:21:19]} {[%emt 00:00:34]}
Kg7 {[%clk 00:44:53]} {[%emt 00:00:13]} 33. Ra5 {[%clk 01:21:00]} {[%emt
00:00:50]} Rc1 {[%clk 00:44:20]} {[%emt 00:01:03]} 34. h4 {[%clk 01:20:14]}
{[%emt 00:01:16]} Kf6 {[%clk 00:42:12]} {[%emt 00:02:37]} 35. Rb5 {[%clk
01:18:24]} {[%emt 00:02:21]} g5 {[%clk 00:41:05]} {[%emt 00:01:37]} 36. hxg5+
{[%clk 01:18:18]} {[%emt 00:00:36]} hxg5 {[%clk 00:41:28]} {[%emt 00:00:06]}
37. Kf2 {[%clk 01:18:05]} {[%emt 00:00:43]} Kg6 {[%clk 00:40:25]} {[%emt
00:01:33]} 38. Ra5 {[%clk 01:16:12]} {[%emt 00:02:24]} Rc2+ {[%clk 00:34:36]}
{[%emt 00:06:18]} 39. Kg3 {[%clk 01:16:28]} {[%emt 00:00:14]} Rc1 {[%clk
00:34:09]} {[%emt 00:00:57]} 40. Kf2 {[%clk 01:16:51]} {[%emt 00:00:07]}
1/2-1/2

[Event "ODJM B 2025"]
[Site "Willingen GER"]
[Date "2025.06.11"]
[Round "5"]
[White "Malinowsky, Celina"]
[Black "Schmidt, Emelie"]
[Result "1-0"]
[Termination "normal"]
[Board "23"]
[WhiteElo "1742"]
[BlackElo "1575"]
[WhiteClock "00:57:16"]
[BlackClock "00:50:34"]
[PlyCount "55"]
[WhiteFideId "16266986"]
[BlackFideId "34682490"]
[EventCountry "GER"]
[EventRounds "9"]
[EventType "swiss"]
[EventDate "2025.06.07"]

1. e4 {[%clk 01:30:54]} {[%emt 00:00:06]} c6 {[%clk 01:30:53]} {[%emt
00:00:08]} 2. Nf3 {[%clk 01:31:02]} {[%emt 00:00:22]} d5 {[%clk 01:31:07]}
{[%emt 00:00:16]} 3. d3 {[%clk 01:31:21]} {[%emt 00:00:11]} dxe4 {[%clk
01:30:40]} {[%emt 00:00:57]} 4. dxe4 {[%clk 01:31:44]} {[%emt 00:00:07]} Qxd1+
{[%clk 01:31:04]} {[%emt 00:00:06]} 5. Kxd1 {[%clk 01:32:08]} {[%emt 00:00:06]}
Nf6 {[%clk 01:30:47]} {[%emt 00:00:47]} 6. Nfd2 {[%clk 01:31:30]} {[%emt
00:01:08]} Bg4+ {[%clk 01:29:58]} {[%emt 00:01:20]} 7. f3 {[%clk 01:31:35]}
{[%emt 00:00:24]} Bd7 {[%clk 01:28:46]} {[%emt 00:01:42]} 8. a4 {[%clk
01:28:33]} {[%emt 00:03:33]} e6 {[%clk 01:24:49]} {[%emt 00:04:26]} 9. Na3
{[%clk 01:26:10]} {[%emt 00:02:53]} Be7 {[%clk 01:20:01]} {[%emt 00:05:18]} 10.
Bd3 {[%clk 01:21:13]} {[%emt 00:05:27]} O-O {[%clk 01:18:35]} {[%emt 00:01:56]}
11. Ke2 {[%clk 01:18:44]} {[%emt 00:02:59]} Na6 {[%clk 01:16:42]} {[%emt
00:02:23]} 12. Bxa6 {[%clk 01:18:32]} {[%emt 00:00:42]} bxa6 {[%clk 01:17:01]}
{[%emt 00:00:10]} 13. Nb3 {[%clk 01:16:52]} {[%emt 00:02:11]} Rab8 {[%clk
01:15:34]} {[%emt 00:01:57]} 14. Be3 {[%clk 01:16:11]} {[%emt 00:01:11]} Rb4
{[%clk 01:11:41]} {[%emt 00:04:23]} 15. Bxa7 {[%clk 01:08:08]} {[%emt
00:08:33]} Rxa4 {[%clk 01:09:16]} {[%emt 00:02:56]} 16. Nc5 {[%clk 01:03:49]}
{[%emt 00:04:48]} Rb4 {[%clk 01:08:11]} {[%emt 00:01:35]} 17. e5 {[%clk
01:02:38]} {[%emt 00:01:41]} Ra8 {[%clk 00:56:24]} {[%emt 00:12:17]} 18. exf6
{[%clk 01:02:30]} {[%emt 00:00:38]} Rxa7 {[%clk 00:56:15]} {[%emt 00:00:39]}
19. fxe7 {[%clk 01:02:51]} {[%emt 00:00:10]} Be8 {[%clk 00:56:23]} {[%emt
00:00:21]} 20. Nd3 {[%clk 01:01:29]} {[%emt 00:01:53]} Rh4 {[%clk 00:56:16]}
{[%emt 00:00:36]} 21. g3 {[%clk 01:00:46]} {[%emt 00:01:12]} Rh5 {[%clk
00:56:30]} {[%emt 00:00:17]} 22. Nc4 {[%clk 00:59:20]} {[%emt 00:01:56]} Rb5
{[%clk 00:54:22]} {[%emt 00:02:38]} 23. Nd6 {[%clk 00:57:54]} {[%emt 00:01:56]}
Rb8 {[%clk 00:54:35]} {[%emt 00:00:18]} 24. b3 {[%clk 00:57:10]} {[%emt
00:01:13]} a5 {[%clk 00:53:37]} {[%emt 00:01:28]} 25. Ra4 {[%clk 00:56:31]}
{[%emt 00:01:08]} Rxe7 {[%clk 00:50:25]} {[%emt 00:03:43]} 26. Nxe8 {[%clk
00:56:47]} {[%emt 00:00:14]} Rexe8 {[%clk 00:50:32]} {[%emt 00:00:23]} 27. Rxa5
{[%clk 00:57:00]} {[%emt 00:00:17]} Rb6 {[%clk 00:50:34]} {[%emt 00:00:27]} 28.
Rha1 {[%clk 00:57:16]} {[%emt 00:00:14]} 1-0

[Event "ODJM B 2025"]
[Site "Willingen GER"]
[Date "2025.06.11"]
[Round "5"]
[White "Berger, Friedrich Richard"]
[Black "Huppert, Anna"]
[Result "1-0"]
[Termination "normal"]
[Board "24"]
[WhiteElo "1723"]
[BlackElo "1630"]
[WhiteClock "00:36:52"]
[BlackClock "00:02:05"]
[PlyCount "55"]
[WhiteFideId "34663169"]
[BlackFideId "16214439"]
[EventCountry "GER"]
[EventRounds "9"]
[EventType "swiss"]
[EventDate "2025.06.07"]

1. e4 {[%clk 01:30:57]} {[%emt 00:00:03]} e6 {[%clk 01:30:56]} {[%emt
00:00:05]} 2. d4 {[%clk 01:31:12]} {[%emt 00:00:15]} d5 {[%clk 01:31:20]}
{[%emt 00:00:06]} 3. Nc3 {[%clk 01:31:24]} {[%emt 00:00:17]} Nf6 {[%clk
01:31:44]} {[%emt 00:00:06]} 4. Bg5 {[%clk 01:31:35]} {[%emt 00:00:20]} Be7
{[%clk 01:30:06]} {[%emt 00:02:08]} 5. e5 {[%clk 01:30:35]} {[%emt 00:01:30]}
Nfd7 {[%clk 01:27:07]} {[%emt 00:03:29]} 6. h4 {[%clk 01:29:54]} {[%emt
00:01:11]} c5 {[%clk 01:24:23]} {[%emt 00:03:14]} 7. Bxe7 {[%clk 01:29:18]}
{[%emt 00:01:05]} Qxe7 {[%clk 01:23:41]} {[%emt 00:01:13]} 8. Nb5 {[%clk
01:27:54]} {[%emt 00:01:54]} Na6 {[%clk 01:18:24]} {[%emt 00:05:47]} 9. Nd6+
{[%clk 01:24:10]} {[%emt 00:04:15]} Kd8 {[%clk 01:15:07]} {[%emt 00:03:46]} 10.
Bxa6 {[%clk 01:18:35]} {[%emt 00:06:06]} bxa6 {[%clk 01:14:57]} {[%emt
00:00:39]} 11. Qh5 {[%clk 01:16:32]} {[%emt 00:02:32]} g6 {[%clk 01:10:35]}
{[%emt 00:04:52]} 12. Qh6 {[%clk 01:10:45]} {[%emt 00:06:18]} Rf8 {[%clk
00:53:30]} {[%emt 00:17:34]} 13. f4 {[%clk 00:56:40]} {[%emt 00:14:36]} cxd4
{[%clk 00:43:13]} {[%emt 00:10:48]} 14. Nf3 {[%clk 00:54:38]} {[%emt 00:02:31]}
f6 {[%clk 00:40:07]} {[%emt 00:03:35]} 15. Nxd4 {[%clk 00:53:16]} {[%emt
00:01:53]} Kc7 {[%clk 00:29:27]} {[%emt 00:11:10]} 16. Rh3 {[%clk 00:48:55]}
{[%emt 00:04:50]} fxe5 {[%clk 00:12:52]} {[%emt 00:17:05]} 17. Rc3+ {[%clk
00:46:46]} {[%emt 00:02:39]} Nc5 {[%clk 00:12:07]} {[%emt 00:01:16]} 18. fxe5
{[%clk 00:43:07]} {[%emt 00:04:07]} Bd7 {[%clk 00:05:56]} {[%emt 00:06:42]} 19.
Rxc5+ {[%clk 00:42:02]} {[%emt 00:01:35]} Kd8 {[%clk 00:05:35]} {[%emt
00:00:52]} 20. Qg5 {[%clk 00:39:32]} {[%emt 00:02:59]} Qxg5 {[%clk 00:04:43]}
{[%emt 00:01:23]} 21. hxg5 {[%clk 00:39:30]} {[%emt 00:00:31]} Rf4 {[%clk
00:04:43]} {[%emt 00:00:31]} 22. Nf3 {[%clk 00:38:01]} {[%emt 00:01:59]} Rb8
{[%clk 00:04:20]} {[%emt 00:00:53]} 23. b3 {[%clk 00:37:41]} {[%emt 00:00:50]}
Rb6 {[%clk 00:03:17]} {[%emt 00:01:32]} 24. Kf2 {[%clk 00:37:11]} {[%emt
00:01:01]} Rc6 {[%clk 00:02:39]} {[%emt 00:01:08]} 25. Rxc6 {[%clk 00:37:23]}
{[%emt 00:00:17]} Bxc6 {[%clk 00:03:01]} {[%emt 00:00:08]} 26. Rh1 {[%clk
00:37:01]} {[%emt 00:00:53]} Rf8 {[%clk 00:01:49]} {[%emt 00:01:42]} 27. Rxh7
{[%clk 00:37:11]} {[%emt 00:00:20]} Bd7 {[%clk 00:02:05]} {[%emt 00:00:14]} 28.
Rg7 {[%clk 00:36:52]} {[%emt 00:00:48]} 1-0

[Event "ODJM B 2025"]
[Site "Willingen GER"]
[Date "2025.06.11"]
[Round "5"]
[White "Cilo, Seyyid"]
[Black "Golke, Philipp"]
[Result "1/2-1/2"]
[Termination "normal"]
[Board "25"]
[WhiteElo "1717"]
[BlackElo "1729"]
[WhiteClock "01:11:07"]
[BlackClock "01:27:38"]
[PlyCount "88"]
[WhiteFideId "34615938"]
[BlackFideId "34625259"]
[EventCountry "GER"]
[EventRounds "9"]
[EventType "swiss"]
[EventDate "2025.06.07"]

1. d4 {[%clk 01:30:57]} {[%emt 00:00:02]} Nf6 {[%clk 01:30:31]} {[%emt
00:00:29]} 2. Nf3 {[%clk 01:31:16]} {[%emt 00:00:11]} d5 {[%clk 01:30:51]}
{[%emt 00:00:10]} 3. Bf4 {[%clk 01:31:29]} {[%emt 00:00:18]} e6 {[%clk
01:31:14]} {[%emt 00:00:06]} 4. e3 {[%clk 01:31:44]} {[%emt 00:00:16]} c5
{[%clk 01:31:32]} {[%emt 00:00:13]} 5. c3 {[%clk 01:31:53]} {[%emt 00:00:20]}
Nc6 {[%clk 01:31:47]} {[%emt 00:00:14]} 6. Nbd2 {[%clk 01:31:55]} {[%emt
00:00:28]} Bd6 {[%clk 01:32:04]} {[%emt 00:00:14]} 7. Ne5 {[%emt 00:02:34]}
Bxe5 {[%clk 01:30:41]} {[%emt 00:00:02]} 8. dxe5 {[%clk 01:32:05]} {[%emt
00:00:07]} Nd7 {[%clk 01:31:05]} {[%emt 00:00:05]} 9. Bb5 {[%clk 01:32:13]}
{[%emt 00:00:23]} O-O {[%clk 01:31:22]} {[%emt 00:00:13]} 10. Bxc6 {[%clk
01:32:01]} {[%emt 00:00:42]} bxc6 {[%clk 01:31:47]} {[%emt 00:00:05]} 11. O-O
{[%clk 01:31:33]} {[%emt 00:00:58]} Ba6 {[%clk 01:31:58]} {[%emt 00:00:18]} 12.
Re1 {[%clk 01:31:43]} {[%emt 00:00:20]} c4 {[%clk 01:32:26]} {[%emt 00:00:02]}
13. b4 {[%clk 01:30:16]} {[%emt 00:01:57]} c5 {[%clk 01:31:50]} {[%emt
00:01:07]} 14. a3 {[%clk 01:29:26]} {[%emt 00:01:21]} f6 {[%clk 01:30:48]}
{[%emt 00:01:32]} 15. Qg4 {[%clk 01:26:35]} {[%emt 00:03:20]} f5 {[%clk
01:30:16]} {[%emt 00:01:02]} 16. Qg3 {[%clk 01:26:30]} {[%emt 00:00:36]} Qe8
{[%clk 01:30:35]} {[%emt 00:00:08]} 17. Reb1 {[%clk 01:25:02]} {[%emt
00:01:59]} cxb4 {[%clk 01:28:39]} {[%emt 00:02:27]} 18. axb4 {[%clk 01:25:14]}
{[%emt 00:00:18]} Bb5 {[%clk 01:29:01]} {[%emt 00:00:07]} 19. Nf3 {[%clk
01:25:08]} {[%emt 00:00:37]} Qg6 {[%clk 01:25:36]} {[%emt 00:03:54]} 20. Qxg6
{[%clk 01:24:11]} {[%emt 00:01:27]} hxg6 {[%clk 01:26:02]} {[%emt 00:00:05]}
21. Nd4 {[%clk 01:24:37]} {[%emt 00:00:05]} a6 {[%clk 01:25:34]} {[%emt
00:00:56]} 22. Nxe6 {[%clk 01:24:31]} {[%emt 00:00:37]} Rfc8 {[%clk 01:25:47]}
{[%emt 00:00:16]} 23. Bg3 {[%clk 01:24:08]} {[%emt 00:00:54]} Kf7 {[%clk
01:25:33]} {[%emt 00:00:44]} 24. Nd4 {[%clk 01:22:41]} {[%emt 00:01:56]} Nb6
{[%clk 01:25:31]} {[%emt 00:00:32]} 25. Ra5 {[%clk 01:21:28]} {[%emt 00:01:44]}
Na4 {[%clk 01:25:26]} {[%emt 00:00:35]} 26. Rc1 {[%clk 01:21:01]} {[%emt
00:00:57]} Ke8 {[%clk 01:25:38]} {[%emt 00:00:16]} 27. Nxb5 {[%clk 01:21:08]}
{[%emt 00:00:25]} axb5 {[%clk 01:26:02]} {[%emt 00:00:06]} 28. Rxa8 {[%clk
01:20:18]} {[%emt 00:01:20]} Rxa8 {[%clk 01:26:25]} {[%emt 00:00:07]} 29. Kf1
{[%clk 01:20:22]} {[%emt 00:00:25]} Nb2 {[%clk 01:26:37]} {[%emt 00:00:18]} 30.
Ke2 {[%clk 01:19:47]} {[%emt 00:01:05]} Nd3 {[%clk 01:27:02]} {[%emt 00:00:05]}
31. Rd1 {[%clk 01:18:32]} {[%emt 00:01:45]} Ra2+ {[%clk 01:27:28]} {[%emt
00:00:05]} 32. Rd2 {[%clk 01:18:57]} {[%emt 00:00:05]} Rxd2+ {[%clk 01:27:41]}
{[%emt 00:00:17]} 33. Kxd2 {[%clk 01:19:22]} {[%emt 00:00:05]} g5 {[%clk
01:27:58]} {[%emt 00:00:12]} 34. f4 {[%clk 01:18:55]} {[%emt 00:00:57]} g4
{[%clk 01:28:18]} {[%emt 00:00:10]} 35. Bh4 {[%clk 01:18:18]} {[%emt 00:01:07]}
Kf7 {[%clk 01:28:37]} {[%emt 00:00:12]} 36. Bd8 {[%clk 01:18:31]} {[%emt
00:00:17]} Ke6 {[%clk 01:28:47]} 37. Ke2 {[%clk 01:18:10]} {[%emt 00:01:10]}
Nb2 {[%clk 01:27:57]} 38. Bb6 {[%clk 01:18:07]} {[%emt 00:01:54]} Nd3 {[%clk
01:28:17]} 39. h3 {[%clk 01:18:02]} {[%emt 00:00:45]} g3 {[%emt 00:04:20]} 40.
Kf3 {[%clk 01:16:33]} {[%emt 00:00:25]} Nf2 {[%clk 01:26:26]} {[%emt 00:00:04]}
41. Bd4 {[%clk 01:16:20]} {[%emt 00:00:44]} Ne4 {[%clk 01:26:51]} {[%emt
00:00:05]} 42. h4 {[%clk 01:13:39]} {[%emt 00:03:10]} g6 {[%clk 01:27:17]}
{[%emt 00:00:05]} 43. Ke2 {[%clk 01:12:29]} {[%emt 00:01:40]} Ke7 {[%clk
01:27:21]} {[%emt 00:00:25]} 44. Bc5+ {[%clk 01:11:07]} {[%emt 00:01:53]} Ke6
{[%clk 01:27:38]} {[%emt 00:00:13]} 1/2-1/2

[Event "ODJM B 2025"]
[Site "Willingen GER"]
[Date "2025.06.11"]
[Round "5"]
[White "Gulamov, Elmir"]
[Black "Claussen, Daniela"]
[Result "1-0"]
[Termination "normal"]
[Board "26"]
[WhiteElo "1765"]
[BlackElo "1567"]
[WhiteClock "00:54:57"]
[BlackClock "00:34:18"]
[PlyCount "39"]
[WhiteFideId "34604332"]
[BlackFideId "16248929"]
[EventCountry "GER"]
[EventRounds "9"]
[EventType "swiss"]
[EventDate "2025.06.07"]

1. e4 {[%clk 01:30:59]} {[%emt 00:04:54]} e6 {[%clk 01:30:51]} {[%emt
00:00:09]} 2. d4 {[%clk 01:31:26]} {[%emt 00:00:04]} b6 {[%clk 01:31:02]}
{[%emt 00:00:19]} 3. Nc3 {[%clk 01:31:52]} {[%emt 00:00:03]} Bb4 {[%clk
01:31:13]} {[%emt 00:00:19]} 4. Bd2 {[%clk 01:32:11]} {[%emt 00:00:11]} Bb7
{[%clk 01:31:35]} {[%emt 00:00:09]} 5. Bd3 {[%clk 01:32:35]} {[%emt 00:00:05]}
f5 {[%clk 01:31:35]} {[%emt 00:00:30]} 6. Qe2 {[%clk 01:30:05]} {[%emt
00:03:01]} Nf6 {[%clk 01:31:12]} {[%emt 00:00:53]} 7. d5 {[%clk 01:21:21]}
{[%emt 00:09:14]} O-O {[%clk 01:26:35]} {[%emt 00:05:07]} 8. exf5 {[%clk
01:17:49]} {[%emt 00:04:02]} exd5 {[%clk 01:25:36]} {[%emt 00:01:29]} 9. Qf3
{[%clk 01:11:16]} {[%emt 00:07:02]} Qc8 {[%clk 01:15:36]} {[%emt 00:10:30]} 10.
Qg3 {[%clk 01:05:52]} {[%emt 00:05:55]} d4 {[%clk 01:07:22]} {[%emt 00:08:44]}
11. Nb5 {[%clk 01:05:00]} {[%emt 00:01:20]} Bxd2+ {[%clk 01:04:12]} {[%emt
00:03:41]} 12. Kxd2 {[%clk 01:03:26]} {[%emt 00:02:03]} d6 {[%clk 01:03:40]}
{[%emt 00:01:03]} 13. Nxd4 {[%clk 01:01:12]} {[%emt 00:02:45]} Ne4+ {[%clk
00:57:52]} {[%emt 00:06:17]} 14. Bxe4 {[%clk 01:00:31]} {[%emt 00:01:11]} Bxe4
{[%clk 00:58:14]} {[%emt 00:00:08]} 15. Ne6 {[%clk 01:00:08]} {[%emt 00:00:53]}
Rf7 {[%clk 00:58:07]} {[%emt 00:00:37]} 16. Ng5 {[%clk 01:00:20]} {[%emt
00:00:18]} Qxf5 {[%clk 00:44:48]} {[%emt 00:13:49]} 17. Nxf7 {[%clk 00:55:42]}
{[%emt 00:05:09]} Kxf7 {[%clk 00:43:08]} {[%emt 00:02:10]} 18. Ne2 {[%clk
00:55:17]} {[%emt 00:00:54]} Nd7 {[%emt 00:08:56]} 19. Qf4 {[%clk 00:55:24]}
{[%emt 00:00:21]} Bxc2 {[%clk 00:34:18]} {[%emt 00:00:55]} 20. Qc4+ {[%clk
00:54:57]} {[%emt 00:00:58]} 1-0

[Event "ODJM B 2025"]
[Site "Willingen GER"]
[Date "2025.06.11"]
[Round "5"]
[White "He, Saiqi"]
[Black "Kutz, Paul Matti"]
[Result "0-1"]
[Termination "normal"]
[Board "27"]
[WhiteElo "1700"]
[BlackElo "1838"]
[WhiteClock "01:06:47"]
[BlackClock "01:01:19"]
[PlyCount "62"]
[WhiteFideId "16292723"]
[BlackFideId "16296265"]
[EventCountry "GER"]
[EventRounds "9"]
[EventType "swiss"]
[EventDate "2025.06.07"]

1. e4 {[%clk 01:30:23]} {[%emt 00:00:36]} e5 {[%clk 01:30:44]} {[%emt
00:00:16]} 2. Nf3 {[%clk 01:30:28]} {[%emt 00:00:26]} Nc6 {[%clk 01:30:51]}
{[%emt 00:00:23]} 3. Bc4 {[%clk 01:30:51]} {[%emt 00:00:07]} Bc5 {[%clk
01:31:07]} {[%emt 00:00:14]} 4. O-O {[%clk 01:31:10]} {[%emt 00:00:11]} d6
{[%clk 01:31:24]} {[%emt 00:00:12]} 5. h3 {[%clk 01:30:57]} {[%emt 00:00:43]}
Nf6 {[%emt 00:00:17]} 6. Re1 {[%clk 01:31:02]} {[%emt 00:00:22]} Qe7 {[%clk
01:30:37]} {[%emt 00:01:33]} 7. c3 {[%clk 01:30:59]} {[%emt 00:00:33]} Be6
{[%clk 01:30:24]} {[%emt 00:00:43]} 8. Bxe6 {[%clk 01:27:13]} {[%emt 00:04:17]}
fxe6 {[%clk 01:30:48]} {[%emt 00:00:07]} 9. d4 {[%clk 01:27:26]} {[%emt
00:00:16]} exd4 {[%clk 01:30:55]} {[%emt 00:00:23]} 10. cxd4 {[%clk 01:27:51]}
{[%emt 00:00:05]} Bb6 {[%clk 01:31:08]} {[%emt 00:00:17]} 11. Nc3 {[%clk
01:24:35]} {[%emt 00:03:46]} O-O-O {[%clk 01:30:41]} {[%emt 00:00:56]} 12. a3
{[%clk 01:23:23]} {[%emt 00:01:42]} h6 {[%clk 01:26:16]} {[%emt 00:04:56]} 13.
Na4 {[%clk 01:21:05]} {[%emt 00:02:48]} g5 {[%clk 01:24:20]} {[%emt 00:02:26]}
14. Nxb6+ {[%clk 01:21:18]} {[%emt 00:00:17]} axb6 {[%clk 01:23:59]} {[%emt
00:00:50]} 15. Nh2 {[%clk 01:20:46]} {[%emt 00:01:02]} Rdg8 {[%clk 01:22:11]}
{[%emt 00:02:18]} 16. e5 {[%clk 01:16:17]} {[%emt 00:04:59]} dxe5 {[%clk
01:20:48]} {[%emt 00:01:54]} 17. dxe5 {[%clk 01:16:00]} {[%emt 00:00:46]} Nd5
{[%clk 01:20:38]} {[%emt 00:00:41]} 18. Qh5 {[%clk 01:14:47]} {[%emt 00:01:42]}
Nd4 {[%clk 01:16:43]} {[%emt 00:04:25]} 19. Rb1 {[%clk 01:13:56]} {[%emt
00:01:20]} Nf4 {[%clk 01:11:46]} {[%emt 00:05:29]} 20. Bxf4 {[%clk 01:11:54]}
{[%emt 00:02:32]} gxf4 {[%clk 01:07:00]} {[%emt 00:05:15]} 21. Rbd1 {[%clk
01:05:27]} {[%emt 00:06:51]} Rg5 {[%clk 01:05:53]} {[%emt 00:01:43]} 22. Qxg5
{[%clk 01:05:33]} {[%emt 00:00:24]} Qxg5 {[%clk 01:06:13]} {[%emt 00:00:09]}
23. Rxd4 {[%clk 01:05:51]} {[%emt 00:00:13]} Rg8 {[%clk 01:05:50]} {[%emt
00:00:53]} 24. g3 {[%clk 01:05:21]} {[%emt 00:01:01]} fxg3 {[%clk 01:06:07]}
{[%emt 00:00:13]} 25. Ng4 {[%clk 01:05:20]} {[%emt 00:00:31]} h5 {[%clk
01:03:10]} {[%emt 00:03:26]} 26. Red1 {[%clk 01:05:43]} {[%emt 00:00:07]} Qf5
{[%clk 01:00:38]} {[%emt 00:03:01]} 27. fxg3 {[%clk 01:05:55]} {[%emt
00:00:20]} hxg4 {[%clk 01:01:00]} {[%emt 00:00:07]} 28. hxg4 {[%clk 01:06:13]}
{[%emt 00:00:13]} Qxe5 {[%clk 01:01:20]} {[%emt 00:00:10]} 29. Kg2 {[%clk
01:06:10]} {[%emt 00:00:31]} c5 {[%clk 01:00:51]} {[%emt 00:01:00]} 30. R4d2
{[%clk 01:06:33]} {[%emt 00:00:08]} Qe4+ {[%clk 01:01:09]} {[%emt 00:00:10]}
31. Kg1 {[%clk 01:06:47]} {[%emt 00:00:17]} Rh8 {[%clk 01:01:19]} {[%emt
00:00:20]} 0-1